<?xml version="1.0" encoding="UTF-8"?><?xml-stylesheet type="text/xsl" href="static/style.xsl"?><OAI-PMH xmlns="http://www.openarchives.org/OAI/2.0/" xmlns:xsi="http://www.w3.org/2001/XMLSchema-instance" xsi:schemaLocation="http://www.openarchives.org/OAI/2.0/ http://www.openarchives.org/OAI/2.0/OAI-PMH.xsd"><responseDate>2026-04-14T06:37:37Z</responseDate><request verb="GetRecord" identifier="oai:www.recercat.cat:2117/336282" metadataPrefix="marc">https://recercat.cat/oai/request</request><GetRecord><record><header><identifier>oai:recercat.cat:2117/336282</identifier><datestamp>2025-07-22T16:51:46Z</datestamp><setSpec>com_2072_1033</setSpec><setSpec>col_2072_452951</setSpec></header><metadata><record xmlns="http://www.loc.gov/MARC21/slim" xmlns:dcterms="http://purl.org/dc/terms/" xmlns:xsi="http://www.w3.org/2001/XMLSchema-instance" xmlns:doc="http://www.lyncode.com/xoai" xsi:schemaLocation="http://www.loc.gov/MARC21/slim http://www.loc.gov/standards/marcxml/schema/MARC21slim.xsd">
   <leader>00925njm 22002777a 4500</leader>
   <datafield ind2=" " ind1=" " tag="042">
      <subfield code="a">dc</subfield>
   </datafield>
   <datafield ind2=" " ind1=" " tag="720">
      <subfield code="a">Rincón Pérez, Nerea</subfield>
      <subfield code="e">author</subfield>
   </datafield>
   <datafield ind2=" " ind1=" " tag="260">
      <subfield code="c">2020-07</subfield>
   </datafield>
   <datafield ind2=" " ind1=" " tag="520">
      <subfield code="a">Objetivo: Analizar si los jugadores habituales de videojuegos de acción (VG) tienen mejor precisión y velocidad en los movimientos oculares respecto a no jugadores de videojuegos de acción (NVG). Metodología: Se evaluó una muestra de 40 participantes de media de edad 15.68 ± 0.1 años. Se realizaron cuatro pruebas objetivas para examinar la búsqueda visual y los movimientos sacádicos y una prueba subjetiva para analizar el rendimiento académico de los participantes. Se dividieron dos grupos en función del historial de videojuego. Resultados: El test de búsqueda visual en ordenador indicó que no hay una diferencia significativa en los tiempos de reacción con 5 ítems pero si con 20 ítems (más efecto de amontonamiento). Respecto los movimientos oculares, el test King-Devick indicó que los dos grupos fueron significativamente diferentes [t(38)= 2.02, P= 0.05, ɳ 2=0.09] y en el test DEM vertical el grupo de VG y NVG experimentaron valores de tiempo similar, sin embargo, el tiempo horizontal fue significativamente diferente entre ambos grupos [t(38)= 3.87, P=0.0004, ɳ 2=0.28]. Conclusión: Los resultados de los test indican que los VG tienen un menor tiempo de reacción que los NVG, por lo tanto una mejor búsqueda visual sobre todo ante distractores. Ambos test realizados para evaluar los movimientos sacádicos horizontales demuestran que los VG experimentan una mayor velocidad de éstos que los NVG</subfield>
   </datafield>
   <datafield tag="653" ind2=" " ind1=" ">
      <subfield code="a">Àrees temàtiques de la UPC::Ciències de la visió::Optometria</subfield>
   </datafield>
   <datafield tag="653" ind2=" " ind1=" ">
      <subfield code="a">Eye -- Movements</subfield>
   </datafield>
   <datafield tag="653" ind2=" " ind1=" ">
      <subfield code="a">Video games</subfield>
   </datafield>
   <datafield tag="653" ind2=" " ind1=" ">
      <subfield code="a">Eye tracking</subfield>
   </datafield>
   <datafield tag="653" ind2=" " ind1=" ">
      <subfield code="a">Saccadic eye movements</subfield>
   </datafield>
   <datafield tag="653" ind2=" " ind1=" ">
      <subfield code="a">Moviments sacàdics</subfield>
   </datafield>
   <datafield tag="653" ind2=" " ind1=" ">
      <subfield code="a">Cerca visual</subfield>
   </datafield>
   <datafield tag="653" ind2=" " ind1=" ">
      <subfield code="a">Atenció visual</subfield>
   </datafield>
   <datafield tag="653" ind2=" " ind1=" ">
      <subfield code="a">Videojoc d'acció</subfield>
   </datafield>
   <datafield tag="653" ind2=" " ind1=" ">
      <subfield code="a">Ulls -- Moviments</subfield>
   </datafield>
   <datafield tag="653" ind2=" " ind1=" ">
      <subfield code="a">Videojocs</subfield>
   </datafield>
   <datafield tag="653" ind2=" " ind1=" ">
      <subfield code="a">Seguiment de la mirada -- TFG</subfield>
   </datafield>
   <datafield ind2="0" ind1="0" tag="245">
      <subfield code="a">Estudio de los movimientos oculares y la búsqueda visual en jugadores/as de videojuegos de acción</subfield>
   </datafield>
</record></metadata></record></GetRecord></OAI-PMH>